Botanika : učebnice pro 7. postupný ročník /

Main Author: Strumhaus, Oldřich, 1905-1964
Other Authors: Mrkos, Otto, 1903-1977, Šula, Josef, 1909-1973
Language: Czech
Published: Praha : Státní pedagogické nakladatelství, 1959
Edition: 6. vyd. bez přílohy
Series: Učebnice pro všeobecně vzdělávací školy
Physical Description: 78 s. : il. ; 8°
Book
Saved in:
LEADER 01070nam a22002892a 4500
001 001449138
003 CZ BrMZK
005 20150115093354.0
007 ta
008 150115s1959 xr a er|||||||||||cze d
015 |a cnb000514795 
035 |a (OCoLC)85192555 
040 |a ABA001  |b cze  |c KLG001  |d ABA001  |d BOA001 
100 1 |a Strumhaus, Oldřich,  |d 1905-1964  |7 jk01121508  |4 edt 
245 1 0 |a Botanika :  |b učebnice pro 7. postupný ročník /  |c Oldřich Strumhaus, Josef Šula, Otto Mrkos 
250 |a 6. vyd. bez přílohy 
260 |a Praha :  |b Státní pedagogické nakladatelství,  |c 1959 
300 |a 78 s. :  |b il. ;  |c 8° 
490 1 |a Učebnice pro všeobecně vzdělávací školy 
500 |a Obsahuje rejstřík 
700 1 |a Mrkos, Otto,  |d 1903-1977  |7 jk01082305  |4 edt 
700 1 |a Šula, Josef,  |d 1909-1973  |7 jk01131645  |4 edt 
830 0 |a Učebnice pro všeobecně vzdělávací školy  |0 s 
910 |a BOA001  |b 2-0396.224-59 
990 |a BK 
991 |b 201501 
996 6 |b 2619051419  |c 2-0396.224-59  |l MZK  |r Sklad / do 24 hodin  |n 0  |w 001483928  |u 000010  |a 1  |e BOA001  |j MZK50  |s P